| 000 | 02367nam0a2200397 4500 | ||
|---|---|---|---|
| 001 | RU\NLR\BIBL_A\011398698 | ||
| 005 | 20260405212444.0 | ||
| 010 |
_a9785843103897 _9500 |
||
| 021 |
_aRU _b2017-34037 _92502 |
||
| 035 | _a(RuMoRGB)008880350 | ||
| 035 | _a(NLR Aleph) 011398698 | ||
| 090 |
_a11495231 _c11495231 |
||
| 100 | _a20170602d2017 k y0rusy50 ca | ||
| 101 | 0 | _arus | |
| 102 | _aRU | ||
| 105 | _aa|||z|||000zy | ||
| 200 | 1 |
_aИнформационная парадигма и искусственный интеллект _e[монография _fБрыкина Татьяна Александровна, программист, Кочкова Наталья Владимировна, кандидат технических наук, доцент, Мешков Владимир Евгеньевич, кандидат технических наук, доцент и др. _gпод науч. ред. В.С. Чураков] _gМинистерство образования и науки РФ, Волгодонский институт технологий, ФГБОУ ВПО ДГТУ "Донской государственный технический университет" |
|
| 210 |
_aРостов-на-Дону _aНовочеркасск _cНаукаОбразованиеКультура _d2017 |
||
| 215 |
_a89, [1] с. _cил. _d20 |
||
| 300 | _aАвт. указаны на с. 89-90 | ||
| 320 | _aБиблиогр. в конце гл. | ||
| 606 |
_aИскусственный интеллект _xФилософские вопросы _92143210 _3RU\NLR\AUTH\661291508 |
||
| 686 |
_aЮ252:З813,0 _2rubbk |
||
| 686 |
_aЗ813в,0 _2rubbk |
||
| 686 | 1 | _aЗ813 | |
| 686 | 1 | _aЮ252:З813 | |
| 701 | 1 |
_aБрыкина _bТ. А. _gТатьяна Александровна _9144679 _3RU\NLR\AUTH\770144715 |
|
| 701 | 1 |
_aКочковая _bН. В. _gНаталья Владимировна |
|
| 701 | 1 |
_aМешков _bВ. Е. _gВладимир Евгеньевич |
|
| 702 | 1 |
_4340 _8rus _7ca _aЧураков _bВ. С. _cканд. филос. наук _gВадим Сергеевич _3RU\NLR\AUTH\7795536 _978462 |
|
| 712 | 0 | 2 |
_4570 _aИнститут технологий _cВолгодонск _9522060 _3RU\NLR\AUTH\880428791 |
| 942 | _cBOOK | ||
| 980 | _aNBR | ||